แบบทดสอบความรู้ทั่วไป #1 - Statistics

General Stats
  • This quiz has been taken 25 times
  • The average score is 3 of 10
Answer Stats
คำถาม คำตอบ % Correct
ธงในสนามแข่งฟอร์มูล่าวัน (F1) ธงสีใด เป็นสัญญาณที่แจ้งให้รถที่ถูกน็อกรอบ และมีความเร็วช้ากว่าให้ทางแก่คันข้างหลังแซง ถ้าหากไม่ปฏิบัติตามเป็นครั้งที่ 3 ติดต่อกันจะถูกลงโทษจากคณะกรรมการ สีฟ้า
62%
บุคคลที่ได้ฉายาว่า "ขุนค้อน" ในแวดวงการเมืองไทยคือใคร สมศักดิ์ เกียรติสุรนนท์
52%
นักแต่งกลอนชาวกรีกผู้ใด เป็นผู้แต่งมหากาพย์เรื่อง อีเลียด และ โอดิสซีย์ โฮเมอร์
38%
พืชที่ไม่มีดอก ไม่มีรังไข่ ไม่มีผลหุ้มเมล็ด เช่น สนและปรง จัดอยู่ในกลุ่มใด พืชเมล็ดเปลือย
33%
แถบที่อยู่ไกลออกไปนอกวงโคจรของดาวเนปจูน ซึ่งเป็นแหล่งกำเนิดของดาวหางคาบสั้น มีชื่อเรียกว่าอะไร แถบไคเปอร์
29%
สารชนิดใด เป็นอาวุธเคมีประเภท 3 ตามอนุสัญญาว่าด้วยอาวุธเคมี มีชื่อเรียกทางทหารว่า CG และในอดีตเคยใช้ในการสงครามเคมีในสงครามโลกครั้งที่หนึ่ง ฟอสจีน
19%
เป็นคำที่ใช้เรียกแทนนิวเคลียสของอะตอมของธาตุใด ๆ โดยการใช้สัญลักษณ์แทนเพื่อทำให้ทราบคุณสมบัติของธาตุ คำนี้เรียกว่าอะไร นิวไคลด์
10%
ในจักรวรรดิโรมัน พระราชโอรสองค์รองของจักรพรรดิธีโอโดเซียสที่ 1 กับพระมเหสีองค์แรกเอเลีย ฟลาซซิลลา คือใคร จักรพรรดิฮอโนริอุส
5%
ผู้ประพันธ์เพลงและนักไวโอลินชาวอิตาเลียนแห่งยุคบาโรก เจ้าของผลงาน คอนแชร์โต กรอซโซ ชุด “The Four Seasons” คือใคร วิวัลดี
5%
ใครคือผู้กำกับภาพยนตร์เรื่อง "2001: A Space Odyssey" (1968) สแตนลีย์ คูบริก
5%
No matching quizzes found
Score Distribution
Percent of People with Each Score
Percentile by Number Answered
Your Score History
You have not taken this quiz